{"text_format":"3","workbook":"xlsx","n_sheets":2,"sheets":["SUMMARY","Detailed Estimate"],"not_rendered":{"images":1,"defined_names":3},"read":"whole","date_system":"1900"}

{"sheet":"SUMMARY","index":0,"n_rows":16,"n_cols":5,"rows_kept":16,"merged":[[0,4,0,5],[0,9,0,10],[0,11,0,15],[1,4,1,5],[1,6,1,10],[2,0,2,2],[2,4,2,5],[2,6,2,10],[3,0,3,2]]}
[]
[{"$nulls":4},"Project Name:"]
["www.biddingpartners.com",{"$nulls":3},"Address:"]
["+1 (347) 994-0941"]
[]
[null,"CSI DIV.","DESCRIPTION","TOTAL TRADE COST","REMARKS"]
[]
[null,"DIV.01","GENERAL CONDITIONS",{"$f":"'Detailed Estimate'!P8","v":{"v":8500,"d":"$8,500.00"}}]
[null,"DIV.05","METALS",{"$f":"'Detailed Estimate'!P14","v":{"v":86833.27309999998,"d":"$86,833.27"}}]
[{"$f":"IF(G10<>\"\",1+MAX($A$1:A9),\"\")","v":""}]
[null,null,"SUBTOTAL",{"$f":"SUM(D8:D10)","v":{"v":95333.27309999998,"d":"$95,333.27"}}]
[null,null,"OVERHEAD & PROFIT - 25%",{"$f":"0.25*D11","v":{"v":23833.318274999994,"d":"$23,833.32"}}]
[null,null,"TOTAL BID",{"$f":"SUM(D11:D12)","v":{"v":119166.59137499997,"d":"$119,166.59"}}]
[]
[{"$f":"IF(G26<>\"\",1+MAX($A$1:A14),\"\")","v":""},null,"EXCLUSIONS"]
[{"$f":"IF(G27<>\"\",1+MAX($A$1:A15),\"\")","v":""},null,"ALL ITEMS NOT MENTIONED ABOVE ARE EXCLUDED"]

{"sheet":"Detailed Estimate","index":1,"n_rows":97,"n_cols":16,"rows_kept":97,"merged":[[0,9,0,10],[0,11,0,15],[1,9,1,10],[1,11,1,15],[2,0,2,3],[2,9,2,10],[2,11,2,15],[3,0,3,3],[94,0,94,3],[96,0,96,3]]}
[]
[{"$nulls":9},"Project Name:"]
["www.biddingpartners.com",{"$nulls":8},"Address:"]
[{"v":3479940941,"d":"+1 (347) 994-0941"}]
[]
["SR #","REFERENCE SHEET","DETAIL SHEET","CSI SECT","DESCRIPTION","QTY.","WASTAGE","QTY WITH\nWASTAGE","UNIT OF\nMEASURMENT","UNIT LABOR COST","TOTAL LABOR COST","UNIT MATERIAL COST","TOTAL MATERIAL COST","UNIT COST","TOTAL ITEM\nCOST","TOTAL TRADE\nCOST"]
[]
[{"$nulls":3},"DIV. 01","GENERAL REQUIREMENTS",{"$nulls":10},{"$f":"SUM(O10:O12)","v":{"v":8500,"d":"$8,500"}}]
[]
[{"$f":"IF(I10<>\"\",1+MAX($A$6:A9),\"\")","v":1},{"$nulls":3},"PERMITS & SITE SUPERVISION FEE",1,{"v":0,"d":"0%"},{"$f":"F10*(1+G10)","v":1},"LS",{"$nulls":4},{"v":4000,"d":"$4,000.0"},{"$f":"N10*H10","v":{"v":4000,"d":"$4,000"}}]
[{"$f":"IF(I11<>\"\",1+MAX($A$6:A10),\"\")","v":2},{"$nulls":3},"Allowances",1,{"v":0,"d":"0%"},{"$f":"F11*(1+G11)","v":1},"LS",{"$nulls":4},{"v":2000,"d":"$2,000.0"},{"$f":"N11*H11","v":{"v":2000,"d":"$2,000"}}]
[{"$f":"IF(I12<>\"\",1+MAX($A$6:A11),\"\")","v":3},{"$nulls":3},"Mobilization",1,{"v":0,"d":"0%"},1,"LS",{"$nulls":4},{"v":2500,"d":"$2,500.0"},{"v":2500,"d":"$2,500"}]
[{"$f":"IF(I13<>\"\",1+MAX($A$6:A12),\"\")","v":""}]
[{"$f":"IF(I14<>\"\",1+MAX($A$6:A13),\"\")","v":""},null,null,"DIV. 05","METALS",{"$nulls":10},{"$f":"SUM(O17:O94)","v":{"v":86833.27309999998,"d":"$86,833"}}]
[{"$f":"IF(I15<>\"\",1+MAX($A$6:A14),\"\")","v":""}]
[{"$f":"IF(I16<>\"\",1+MAX($A$6:A15),\"\")","v":""},{"$nulls":3},"LEVEL-1"]
[{"$f":"IF(I17<>\"\",1+MAX($A$6:A16),\"\")","v":""}]
[{"$f":"IF(I18<>\"\",1+MAX($A$6:A17),\"\")","v":""},{"$nulls":3},"METAL COLUMNS"]
[{"$f":"IF(I19<>\"\",1+MAX($A$6:A18),\"\")","v":""}]
[{"$f":"IF(I20<>\"\",1+MAX($A$6:A19),\"\")","v":4},"S-2.2","S-2.2",null,"HSS5X5X1/4\" - 10' High",{"$f":"15.62*7*10","v":{"v":1093.3999999999999,"d":"1,093"}},{"v":0.1,"d":"10%"},{"$f":"F20*(1+G20)","v":{"v":1202.74,"d":"1203"}},"LBS",{"v":1.41,"d":"$1.4"},{"$f":"J20*H20","v":{"v":1695.8634,"d":"$1,695.86"}},{"v":1.59,"d":"$1.59"},{"$f":"L20*H20","v":{"v":1912.3566,"d":"$1,912.36"}},{"v":3,"d":"$3.0"},{"$f":"N20*H20","v":{"v":3608.2200000000003,"d":"$3,608"}}]
[{"$f":"IF(I21<>\"\",1+MAX($A$6:A20),\"\")","v":""}]
[{"$f":"IF(I22<>\"\",1+MAX($A$6:A21),\"\")","v":""},{"$nulls":3},"BASEPLATES"]
[{"$f":"IF(I23<>\"\",1+MAX($A$6:A22),\"\")","v":""}]
[{"$f":"IF(I24<>\"\",1+MAX($A$6:A23),\"\")","v":5},"S-2.2","S-2.2",null,"Column Baseplate",7,{"v":0,"d":"0%"},{"$f":"F24*(1+G24)","v":7},"EA",{"v":47,"d":"$47.0"},{"$f":"J24*H24","v":{"v":329,"d":"$329.00"}},{"v":70,"d":"$70.00"},{"$f":"L24*H24","v":{"v":490,"d":"$490.00"}},{"v":117,"d":"$117.0"},{"$f":"N24*H24","v":{"v":819,"d":"$819"}}]
[{"$f":"IF(I25<>\"\",1+MAX($A$6:A24),\"\")","v":""}]
[{"$f":"IF(I26<>\"\",1+MAX($A$6:A25),\"\")","v":""},{"$nulls":3},"METAL BEAMS"]
[{"$f":"IF(I27<>\"\",1+MAX($A$6:A26),\"\")","v":""}]
[{"$f":"IF(I28<>\"\",1+MAX($A$6:A27),\"\")","v":6},"S-2.2","S-2.2",null,"W14X30",{"$f":"30*43.81","v":{"v":1314.3000000000002,"d":"1314"}},{"v":0.1,"d":"10%"},{"$f":"F28*(1+G28)","v":{"v":1445.7300000000002,"d":"1446"}},"LBS",{"v":0.94,"d":"$0.9"},{"$f":"J28*H28","v":{"v":1358.9862,"d":"$1,358.99"}},{"v":1.06,"d":"$1.06"},{"$f":"L28*H28","v":{"v":1532.4738000000004,"d":"$1,532.47"}},{"v":2,"d":"$2.0"},{"$f":"N28*H28","v":{"v":2891.4600000000005,"d":"$2,891"}}]
[{"$f":"IF(I29<>\"\",1+MAX($A$6:A28),\"\")","v":7},"S-2.2","S-2.2",null,"W14X145",{"$f":"145*28.33","v":{"v":4107.849999999999,"d":"4108"}},{"v":0.1,"d":"10%"},{"$f":"F29*(1+G29)","v":{"v":4518.635,"d":"4519"}},"LBS",{"v":0.94,"d":"$0.9"},{"$f":"J29*H29","v":{"v":4247.5169,"d":"$4,247.52"}},{"v":1.06,"d":"$1.06"},{"$f":"L29*H29","v":{"v":4789.753100000001,"d":"$4,789.75"}},{"v":2,"d":"$2.0"},{"$f":"N29*H29","v":{"v":9037.27,"d":"$9,037"}}]
[{"$f":"IF(I30<>\"\",1+MAX($A$6:A29),\"\")","v":8},"S-2.2","S-2.2",null,"W14X109",{"$f":"109*28.76","v":{"v":3134.84,"d":"3135"}},{"v":0.1,"d":"10%"},{"v":3448.3240000000005,"d":"3448"},"LBS",{"v":0.94,"d":"$0.9"},{"$f":"J30*H30","v":{"v":3241.4245600000004,"d":"$3,241.42"}},{"v":1.06,"d":"$1.06"},{"$f":"L30*H30","v":{"v":3655.2234400000007,"d":"$3,655.22"}},{"v":2,"d":"$2.0"},{"v":6896.648000000001,"d":"$6,897"}]
[{"$f":"IF(I31<>\"\",1+MAX($A$6:A30),\"\")","v":9},"S-2.2","S-2.2",null,"W14X34",{"$f":"34*13.68","v":{"v":465.12,"d":"465"}},{"v":0.1,"d":"10%"},{"v":511.63200000000006,"d":"512"},"LBS",{"v":0.94,"d":"$0.9"},{"$f":"J31*H31","v":{"v":480.93408000000005,"d":"$480.93"}},{"v":1.06,"d":"$1.06"},{"$f":"L31*H31","v":{"v":542.3299200000001,"d":"$542.33"}},{"v":2,"d":"$2.0"},{"v":1023.2640000000001,"d":"$1,023"}]
[{"$f":"IF(I32<>\"\",1+MAX($A$6:A31),\"\")","v":10},"S-2.2","S-2.2",null,"MC 8x8.5 Stringer",{"$f":"8.5*73.49","v":{"v":624.665,"d":"625"}},{"v":0.1,"d":"10%"},{"v":687.1315,"d":"687"},"LBS",{"v":0.94,"d":"$0.9"},{"$f":"J32*H32","v":{"v":645.90361,"d":"$645.90"}},{"v":1.06,"d":"$1.06"},{"$f":"L32*H32","v":{"v":728.35939,"d":"$728.36"}},{"v":2,"d":"$2.0"},{"v":1374.263,"d":"$1,374"}]
[{"$f":"IF(I33<>\"\",1+MAX($A$6:A32),\"\")","v":""}]
[{"$f":"IF(I34<>\"\",1+MAX($A$6:A33),\"\")","v":""},{"$nulls":3},"LEVEL-2 / LOWER ROOF"]
[{"$f":"IF(I35<>\"\",1+MAX($A$6:A34),\"\")","v":""}]
[{"$f":"IF(I36<>\"\",1+MAX($A$6:A35),\"\")","v":""},{"$nulls":3},"METAL COLUMNS"]
[{"$f":"IF(I37<>\"\",1+MAX($A$6:A36),\"\")","v":""}]
[{"$f":"IF(I38<>\"\",1+MAX($A$6:A37),\"\")","v":11},"S-2.2","S-2.2",null,"HSS5X5X1/4\" - 10' High",{"$f":"15.62*5*10","v":781},{"v":0.1,"d":"10%"},{"$f":"F38*(1+G38)","v":{"v":859.1,"d":"859"}},"LBS",{"v":1.41,"d":"$1.4"},{"$f":"J38*H38","v":{"v":1211.331,"d":"$1,211.33"}},{"v":1.59,"d":"$1.59"},{"$f":"L38*H38","v":{"v":1365.969,"d":"$1,365.97"}},{"v":3,"d":"$3.0"},{"$f":"N38*H38","v":{"v":2577.3,"d":"$2,577"}}]
[{"$f":"IF(I39<>\"\",1+MAX($A$6:A38),\"\")","v":12},"S-2.2","S-2.2",null,"HSS 6.00X0.025 - 10' High",{"$f":"17.04*4*10","v":{"v":681.5999999999999,"d":"682"}},{"v":0.1,"d":"10%"},{"$f":"F39*(1+G39)","v":{"v":749.76,"d":"750"}},"LBS",{"v":1.41,"d":"$1.4"},{"v":1057.1616,"d":"$1,057.16"},{"v":1.59,"d":"$1.59"},{"v":1192.1184,"d":"$1,192.12"},{"v":3,"d":"$3.0"},{"$f":"N39*H39","v":{"v":2249.2799999999997,"d":"$2,249"}}]
[{"$f":"IF(I40<>\"\",1+MAX($A$6:A39),\"\")","v":""}]
[{"$f":"IF(I41<>\"\",1+MAX($A$6:A40),\"\")","v":""},{"$nulls":3},"BASEPLATES"]
[{"$f":"IF(I42<>\"\",1+MAX($A$6:A41),\"\")","v":""}]
[{"$f":"IF(I43<>\"\",1+MAX($A$6:A42),\"\")","v":13},"S-2.2","S-2.2",null,"Column Baseplate",9,{"v":0,"d":"0%"},{"$f":"F43*(1+G43)","v":9},"EA",{"v":47,"d":"$47.0"},{"$f":"J43*H43","v":{"v":423,"d":"$423.00"}},{"v":70,"d":"$70.00"},{"$f":"L43*H43","v":{"v":630,"d":"$630.00"}},{"v":117,"d":"$117.0"},{"$f":"N43*H43","v":{"v":1053,"d":"$1,053"}}]
[{"$f":"IF(I44<>\"\",1+MAX($A$6:A43),\"\")","v":""}]
[{"$f":"IF(I45<>\"\",1+MAX($A$6:A44),\"\")","v":""},{"$nulls":3},"METAL BEAMS"]
[{"$f":"IF(I46<>\"\",1+MAX($A$6:A45),\"\")","v":""}]
[{"$f":"IF(I47<>\"\",1+MAX($A$6:A46),\"\")","v":14},"S-2.3","S-2.3",null,"W8X40",{"$f":"40*17.46","v":{"v":698.4000000000001,"d":"698"}},{"v":0.1,"d":"10%"},{"$f":"F47*(1+G47)","v":{"v":768.2400000000001,"d":"768"}},"LBS",{"v":0.94,"d":"$0.9"},{"$f":"J47*H47","v":{"v":722.1456000000001,"d":"$722.15"}},{"v":1.06,"d":"$1.06"},{"$f":"L47*H47","v":{"v":814.3344000000002,"d":"$814.33"}},{"v":2,"d":"$2.0"},{"$f":"N47*H47","v":{"v":1536.4800000000002,"d":"$1,536"}}]
[{"$f":"IF(I48<>\"\",1+MAX($A$6:A47),\"\")","v":15},"S-2.3","S-2.3",null,"W10X45",{"$f":"45*22.46","v":{"v":1010.7,"d":"1,011"}},{"v":0.1,"d":"10%"},{"v":1111.7700000000002,"d":"1112"},"LBS",{"v":0.94,"d":"$0.9"},{"v":1045.0638000000001,"d":"$1,045.06"},{"v":1.06,"d":"$1.06"},{"v":1178.4762000000003,"d":"$1,178.48"},{"v":2,"d":"$2.0"},{"$f":"N48*H48","v":{"v":2223.5400000000004,"d":"$2,224"}}]
[{"$f":"IF(I49<>\"\",1+MAX($A$6:A48),\"\")","v":16},"S-2.3","S-2.3",null,"W10X33",{"$f":"33*21.9","v":{"v":722.6999999999999,"d":"723"}},{"v":0.1,"d":"10%"},{"$f":"F49*(1+G49)","v":{"v":794.97,"d":"795"}},"LBS",{"v":0.94,"d":"$0.9"},{"v":747.2718,"d":"$747.27"},{"v":1.06,"d":"$1.06"},{"v":842.6682000000001,"d":"$842.67"},{"v":2,"d":"$2.0"},{"$f":"N49*H49","v":{"v":1589.94,"d":"$1,590"}}]
[{"$f":"IF(I50<>\"\",1+MAX($A$6:A49),\"\")","v":17},"S-2.3","S-2.3",null,"W14X82",{"$f":"82*23.02","v":{"v":1887.6399999999999,"d":"1,888"}},{"v":0.1,"d":"10%"},{"v":2076.404,"d":"2076"},"LBS",{"v":0.94,"d":"$0.9"},{"v":1951.8197599999999,"d":"$1,951.82"},{"v":1.06,"d":"$1.06"},{"v":2200.98824,"d":"$2,200.99"},{"v":2,"d":"$2.0"},{"v":4152.808,"d":"$4,153"}]
[{"$f":"IF(I51<>\"\",1+MAX($A$6:A50),\"\")","v":18},"S-2.3","S-2.3",null,"W14X68",{"$f":"68*22.37","v":{"v":1521.16,"d":"1,521"}},{"v":0.1,"d":"10%"},{"v":1673.2760000000003,"d":"1673"},"LBS",{"v":0.94,"d":"$0.9"},{"v":1572.8794400000002,"d":"$1,572.88"},{"v":1.06,"d":"$1.06"},{"v":1773.6725600000004,"d":"$1,773.67"},{"v":2,"d":"$2.0"},{"v":3346.5520000000006,"d":"$3,347"}]
[{"$f":"IF(I52<>\"\",1+MAX($A$6:A51),\"\")","v":19},"S-2.3","S-2.3",null,"W21X93",{"$f":"93*22.77","v":{"v":2117.61,"d":"2,118"}},{"v":0.1,"d":"10%"},{"v":2329.3710000000005,"d":"2329"},"LBS",{"v":0.94,"d":"$0.9"},{"v":2189.6087400000006,"d":"$2,189.61"},{"v":1.06,"d":"$1.06"},{"v":2469.1332600000005,"d":"$2,469.13"},{"v":2,"d":"$2.0"},{"v":4658.742000000001,"d":"$4,659"}]
[{"$f":"IF(I53<>\"\",1+MAX($A$6:A52),\"\")","v":20},"S-2.3","S-2.3",null,"W10X45",{"$f":"45*20.44","v":{"v":919.8000000000001,"d":"920"}},{"v":0.1,"d":"10%"},{"v":1011.7800000000002,"d":"1012"},"LBS",{"v":0.94,"d":"$0.9"},{"v":951.0732000000002,"d":"$951.07"},{"v":1.06,"d":"$1.06"},{"v":1072.4868000000004,"d":"$1,072.49"},{"v":2,"d":"$2.0"},{"v":2023.5600000000004,"d":"$2,024"}]
[{"$f":"IF(I54<>\"\",1+MAX($A$6:A53),\"\")","v":21},"S-2.3","S-2.3",null,"W14X43",{"$f":"43*39.65","v":{"v":1704.95,"d":"1,705"}},{"v":0.1,"d":"10%"},{"$f":"F54*(1+G54)","v":{"v":1875.4450000000002,"d":"1875"}},"LBS",{"v":0.94,"d":"$0.9"},{"v":1762.9183,"d":"$1,762.92"},{"v":1.06,"d":"$1.06"},{"v":1987.9717000000003,"d":"$1,987.97"},{"v":2,"d":"$2.0"},{"$f":"N54*H54","v":{"v":3750.8900000000003,"d":"$3,751"}}]
[{"$f":"IF(I55<>\"\",1+MAX($A$6:A54),\"\")","v":22},"S-2.3","S-2.3",null,"W14X30",{"$f":"30*33.33","v":{"v":999.9,"d":"1,000"}},{"v":0.1,"d":"10%"},{"v":1099.89,"d":"1100"},"LBS",{"v":0.94,"d":"$0.9"},{"v":1033.8966,"d":"$1,033.90"},{"v":1.06,"d":"$1.06"},{"v":1165.8834000000002,"d":"$1,165.88"},{"v":2,"d":"$2.0"},{"v":2199.78,"d":"$2,200"}]
[{"$f":"IF(I56<>\"\",1+MAX($A$6:A55),\"\")","v":23},"S-2.3","S-2.3",null,"W14X22",{"$f":"22*29.73","v":{"v":654.0600000000001,"d":"654"}},{"v":0.1,"d":"10%"},{"v":719.4660000000001,"d":"719"},"LBS",{"v":0.94,"d":"$0.9"},{"v":676.2980400000001,"d":"$676.30"},{"v":1.06,"d":"$1.06"},{"v":762.6339600000001,"d":"$762.63"},{"v":2,"d":"$2.0"},{"v":1438.9320000000002,"d":"$1,439"}]
[{"$f":"IF(I57<>\"\",1+MAX($A$6:A56),\"\")","v":24},"S-2.3","S-2.3",null,"MC 8x8.5 Stringer",{"$f":"8.5*22.05","v":{"v":187.425,"d":"187"}},{"v":0.1,"d":"10%"},{"v":206.16750000000002,"d":"206"},"LBS",{"v":0.94,"d":"$0.9"},{"v":193.79745,"d":"$193.80"},{"v":1.06,"d":"$1.06"},{"v":218.53755000000004,"d":"$218.54"},{"v":2,"d":"$2.0"},{"v":412.33500000000004,"d":"$412"}]
[{"$f":"IF(I58<>\"\",1+MAX($A$6:A57),\"\")","v":25},"S-2.3","S-2.3",null,"MC 12X10.6 ",{"$f":"10.5*39.82","v":{"v":418.11,"d":"418"}},{"v":0.1,"d":"10%"},{"v":459.92100000000005,"d":"460"},"LBS",{"v":0.94,"d":"$0.9"},{"v":432.32574,"d":"$432.33"},{"v":1.06,"d":"$1.06"},{"v":487.5162600000001,"d":"$487.52"},{"v":2,"d":"$2.0"},{"v":919.8420000000001,"d":"$920"}]
[{"$f":"IF(I59<>\"\",1+MAX($A$6:A58),\"\")","v":26},"S-2.3","S-2.3",null,"C8X11.75",{"$f":"11.75*32.77","v":{"v":385.0475,"d":"385"}},{"v":0.1,"d":"10%"},{"v":423.5522500000001,"d":"424"},"LBS",{"v":0.94,"d":"$0.9"},{"v":398.13911500000006,"d":"$398.14"},{"v":1.06,"d":"$1.06"},{"v":448.9653850000001,"d":"$448.97"},{"v":2,"d":"$2.0"},{"v":847.1045000000001,"d":"$847"}]
[{"$f":"IF(I60<>\"\",1+MAX($A$6:A59),\"\")","v":27},"S-2.3","S-2.3",null,"C8X13.75",{"$f":"13.75*19.92","v":{"v":273.90000000000003,"d":"274"}},{"v":0.1,"d":"10%"},{"v":301.2900000000001,"d":"301"},"LBS",{"v":0.94,"d":"$0.9"},{"v":283.21260000000007,"d":"$283.21"},{"v":1.06,"d":"$1.06"},{"v":319.3674000000001,"d":"$319.37"},{"v":2,"d":"$2.0"},{"v":602.5800000000002,"d":"$603"}]
[{"$f":"IF(I61<>\"\",1+MAX($A$6:A60),\"\")","v":28},"S-2.3","S-2.3",null,"HSS 5X4X3/8\"",{"$f":"19.82*9.5","v":{"v":188.29,"d":"188"}},{"v":0.1,"d":"10%"},{"v":207.119,"d":"207"},"LBS",{"v":0.94,"d":"$0.9"},{"v":194.69186,"d":"$194.69"},{"v":1.06,"d":"$1.06"},{"v":219.54614,"d":"$219.55"},{"v":2,"d":"$2.0"},{"v":414.238,"d":"$414"}]
[{"$f":"IF(I62<>\"\",1+MAX($A$6:A61),\"\")","v":""}]
[{"$f":"IF(I63<>\"\",1+MAX($A$6:A62),\"\")","v":""},{"$nulls":3},"UPPER ROOF LEVEL"]
[{"$f":"IF(I64<>\"\",1+MAX($A$6:A63),\"\")","v":""}]
[{"$f":"IF(I65<>\"\",1+MAX($A$6:A64),\"\")","v":""},{"$nulls":3},"METAL BEAMS"]
[{"$f":"IF(I66<>\"\",1+MAX($A$6:A65),\"\")","v":""}]
[{"$f":"IF(I67<>\"\",1+MAX($A$6:A66),\"\")","v":29},"S-2.4","S-2.4",null,"W12X16",{"$f":"16*23.5","v":376},{"v":0.1,"d":"10%"},{"$f":"F67*(1+G67)","v":{"v":413.6,"d":"414"}},"LBS",{"v":0.94,"d":"$0.9"},{"$f":"J67*H67","v":{"v":388.784,"d":"$388.78"}},{"v":1.06,"d":"$1.06"},{"$f":"L67*H67","v":{"v":438.41600000000005,"d":"$438.42"}},{"v":2,"d":"$2.0"},{"$f":"N67*H67","v":{"v":827.2,"d":"$827"}}]
[{"$f":"IF(I68<>\"\",1+MAX($A$6:A67),\"\")","v":30},"S-2.4","S-2.4",null,"W12X45",{"$f":"45*34.51","v":{"v":1552.9499999999998,"d":"1,553"}},{"v":0.1,"d":"10%"},{"$f":"F68*(1+G68)","v":{"v":1708.245,"d":"1708"}},"LBS",{"v":0.94,"d":"$0.9"},{"v":1605.7502999999997,"d":"$1,605.75"},{"v":1.06,"d":"$1.06"},{"v":1810.7397,"d":"$1,810.74"},{"v":2,"d":"$2.0"},{"$f":"N68*H68","v":{"v":3416.49,"d":"$3,416"}}]
[{"$f":"IF(I69<>\"\",1+MAX($A$6:A68),\"\")","v":31},"S-2.4","S-2.4",null,"W10X33",{"$f":"33*37.51","v":{"v":1237.83,"d":"1,238"}},{"v":0.1,"d":"10%"},{"v":1361.613,"d":"1362"},"LBS",{"v":0.94,"d":"$0.9"},{"v":1279.91622,"d":"$1,279.92"},{"v":1.06,"d":"$1.06"},{"v":1443.30978,"d":"$1,443.31"},{"v":2,"d":"$2.0"},{"v":2723.226,"d":"$2,723"}]
[{"$f":"IF(I70<>\"\",1+MAX($A$6:A69),\"\")","v":32},"S-2.4","S-2.4",null,"W12X40",{"$f":"40*49.04","v":{"v":1961.6,"d":"1,962"}},{"v":0.1,"d":"10%"},{"v":2157.76,"d":"2158"},"LBS",{"v":0.94,"d":"$0.9"},{"v":2028.2944,"d":"$2,028.29"},{"v":1.06,"d":"$1.06"},{"v":2287.2256,"d":"$2,287.23"},{"v":2,"d":"$2.0"},{"v":4315.52,"d":"$4,316"}]
[{"$f":"IF(I71<>\"\",1+MAX($A$6:A70),\"\")","v":33},"S-2.4","S-2.4",null,"W12X14",{"$f":"14*29.35","v":{"v":410.90000000000003,"d":"411"}},{"v":0.1,"d":"10%"},{"v":451.99000000000007,"d":"452"},"LBS",{"v":0.94,"d":"$0.9"},{"v":424.8706,"d":"$424.87"},{"v":1.06,"d":"$1.06"},{"v":479.1094000000001,"d":"$479.11"},{"v":2,"d":"$2.0"},{"v":903.9800000000001,"d":"$904"}]
[{"$f":"IF(I72<>\"\",1+MAX($A$6:A71),\"\")","v":34},"S-2.4","S-2.4",null,"MC12X10.6 ",{"$f":"10.5*45.72","v":{"v":480.06,"d":"480"}},{"v":0.1,"d":"10%"},{"v":528.066,"d":"528"},"LBS",{"v":0.94,"d":"$0.9"},{"v":496.38204,"d":"$496.38"},{"v":1.06,"d":"$1.06"},{"v":559.7499600000001,"d":"$559.75"},{"v":2,"d":"$2.0"},{"v":1056.132,"d":"$1,056"}]
[{"$f":"IF(I73<>\"\",1+MAX($A$6:A72),\"\")","v":35},"S-2.4","S-2.4",null,"C12X20.7",{"$f":"20.7*24.92","v":{"v":515.844,"d":"516"}},{"v":0.1,"d":"10%"},{"v":567.4284000000001,"d":"567"},"LBS",{"v":0.94,"d":"$0.9"},{"v":533.3826960000001,"d":"$533.38"},{"v":1.06,"d":"$1.06"},{"v":601.4741040000001,"d":"$601.47"},{"v":2,"d":"$2.0"},{"$f":"N73*H73","v":{"v":1134.8568000000002,"d":"$1,135"}}]
[{"$f":"IF(I74<>\"\",1+MAX($A$6:A73),\"\")","v":36},"S-2.4","S-2.4",null,"C12X10.6",{"$f":"10.6*19.89","v":{"v":210.834,"d":"211"}},{"v":0.1,"d":"10%"},{"v":231.91740000000001,"d":"232"},"LBS",{"v":0.94,"d":"$0.9"},{"v":218.002356,"d":"$218.00"},{"v":1.06,"d":"$1.06"},{"v":245.83244400000004,"d":"$245.83"},{"v":2,"d":"$2.0"},{"v":463.83480000000003,"d":"$464"}]
[{"$f":"IF(I75<>\"\",1+MAX($A$6:A74),\"\")","v":""}]
[{"$f":"IF(I76<>\"\",1+MAX($A$6:A75),\"\")","v":""},{"$nulls":3},"BASEMENT FLOOR"]
[{"$f":"IF(I77<>\"\",1+MAX($A$6:A76),\"\")","v":""}]
[{"$f":"IF(I78<>\"\",1+MAX($A$6:A77),\"\")","v":""},{"$nulls":3},"RAILING"]
[{"$f":"IF(I79<>\"\",1+MAX($A$6:A78),\"\")","v":""}]
[{"$f":"IF(I80<>\"\",1+MAX($A$6:A79),\"\")","v":37},"A2.5A","A2.5A",null,"Full Height Steel Cable Guard Rail - (9'-0\" H)",{"v":10.97,"d":"11"},{"v":0.1,"d":"10%"},{"$f":"F80*(1+G80)","v":{"v":12.067000000000002,"d":"12"}},"LF",{"v":62.900000000000006,"d":"$62.9"},{"$f":"J80*H80","v":{"v":759.0143000000002,"d":"$759.01"}},{"v":122.10000000000001,"d":"$122.10"},{"$f":"L80*H80","v":{"v":1473.3807000000004,"d":"$1,473.38"}},{"v":185,"d":"$185.0"},{"$f":"N80*H80","v":{"v":2232.3950000000004,"d":"$2,232"}}]
[{"$f":"IF(I81<>\"\",1+MAX($A$6:A80),\"\")","v":""}]
[{"$f":"IF(I82<>\"\",1+MAX($A$6:A81),\"\")","v":""},{"$nulls":3},"GROUND FLOOR"]
[{"$f":"IF(I83<>\"\",1+MAX($A$6:A82),\"\")","v":""}]
[{"$f":"IF(I84<>\"\",1+MAX($A$6:A83),\"\")","v":""},{"$nulls":3},"RAILING"]
[{"$f":"IF(I85<>\"\",1+MAX($A$6:A84),\"\")","v":""}]
[{"$f":"IF(I86<>\"\",1+MAX($A$6:A85),\"\")","v":38},"A2.5A","A2.5A",null,"Full Height Steel Cable Guard Rail - (9'-3\" H)",{"v":10.96,"d":"11"},{"v":0.1,"d":"10%"},{"$f":"F86*(1+G86)","v":{"v":12.056000000000003,"d":"12"}},"LF",{"v":62.900000000000006,"d":"$62.9"},{"$f":"J86*H86","v":{"v":758.3224000000002,"d":"$758.32"}},{"v":122.10000000000001,"d":"$122.10"},{"$f":"L86*H86","v":{"v":1472.0376000000003,"d":"$1,472.04"}},{"v":185,"d":"$185.0"},{"$f":"N86*H86","v":{"v":2230.3600000000006,"d":"$2,230"}}]
[{"$f":"IF(I87<>\"\",1+MAX($A$6:A86),\"\")","v":39},"A2.5A","A2.5A",null,"Guard Rail Top Mounted - (42\" H)",{"v":35.06,"d":"35"},{"v":0.1,"d":"10%"},{"v":38.566,"d":"39"},"LF",{"v":45.900000000000006,"d":"$45.9"},{"v":1770.1794000000004,"d":"$1,770.18"},{"v":89.10000000000001,"d":"$89.10"},{"$f":"L87*H87","v":{"v":3436.230600000001,"d":"$3,436.23"}},{"v":135,"d":"$135.0"},{"$f":"N87*H87","v":{"v":5206.410000000001,"d":"$5,206"}}]
[{"$f":"IF(I88<>\"\",1+MAX($A$6:A87),\"\")","v":""}]
[{"$f":"IF(I89<>\"\",1+MAX($A$6:A88),\"\")","v":""},{"$nulls":3},"2ND FLOOR"]
[{"$f":"IF(I90<>\"\",1+MAX($A$6:A89),\"\")","v":""}]
[{"$f":"IF(I91<>\"\",1+MAX($A$6:A90),\"\")","v":""},{"$nulls":3},"RAILING"]
[{"$f":"IF(I92<>\"\",1+MAX($A$6:A91),\"\")","v":""}]
[{"$f":"IF(I93<>\"\",1+MAX($A$6:A92),\"\")","v":40},"A2.5A","A2.5A",null,"Full Height Steel Cable Guard Rail - (8'-0\" H)",{"v":3.84,"d":"4"},{"v":0.1,"d":"10%"},{"$f":"F93*(1+G93)","v":{"v":4.224,"d":"4"}},"LF",{"v":54.400000000000006,"d":"$54.4"},{"$f":"J93*H93","v":{"v":229.78560000000004,"d":"$229.79"}},{"v":105.60000000000001,"d":"$105.60"},{"$f":"L93*H93","v":{"v":446.05440000000004,"d":"$446.05"}},{"v":160,"d":"$160.0"},{"$f":"N93*H93","v":{"v":675.84,"d":"$676"}}]
[{"$f":"IF(I94<>\"\",1+MAX($A$1:A93),\"\")","v":""}]
["SUB TOTAL",{"$nulls":13},{"$f":"SUM(O8:O94)","v":{"v":95333.2731,"d":"$95,333"}},{"$f":"SUM(P7:P94)","v":{"v":95333.27309999998,"d":"$95,333"}}]
["OVERHEAD & PROFIT (25%)",{"$nulls":12},{"v":0.25,"d":"25%"},{"$f":"N96*O95","v":{"v":23833.318275,"d":"$23,833"}},{"$f":"N96*P95","v":{"v":23833.318274999994,"d":"$23,833"}}]
["TOTAL BID",{"$nulls":13},{"$f":"SUM(O95:O96)","v":{"v":119166.591375,"d":"$119,167"}},{"$f":"SUM(P95:P96)","v":{"v":119166.59137499997,"d":"$119,167"}}]